000 00207 a2200097 4500
001 4395
100 _aTerman,F.E
245 _aRadio engineering hand book
260 _a
_bMcgrawhill
_c
090 _c3592
_d3592
942 _aNUST-CAE
_cM
_c28802
999 _c239468
_d239468